000 00539nam a2200193Ia 4500
003 IN-BaIIA
008 211028s9999 xx 000 0 eng d
040 _cIIA Library
080 _a539.124
_bHOA
100 _aHoag, Barton J
_910589
245 0 _aElectron and nuclear physics
_cBarton J Hoag
250 _a2nd ed.
260 _aLondon
_bChapman and Hall
_c1938
300 _aix, 502p.
650 _aElectrons
650 _aNASA Thesaurus
650 _aNuclear physics
_91527
942 _cBK
999 _c6121
_d6121